000 00565nam a2200217Ia 4500
003 OSt
005 20220924134108.0
006 a|||||r|||| 00| 0
007 ta
008 220923b |||||||| |||| 00| 0 snd d
024 _a272147
037 _cTextual
040 _aARTS
_cARTS
_bsnd
041 _2snd
_asnd
082 _aO157,3NTH,HA, 1593L0.1-.2
100 _aGupta Nihar
_9208059
245 0 _aHaq - Nirtaki jo maut
260 _c1970
942 _hO157,3NTH,HA, 1593L0.1-.2
_cTEXL
_2CC
999 _c436362
_d436362